| 000 | 00313nam a2200097Ia 4500 | ||
|---|---|---|---|
| 005 | 20251222114401.0 | ||
| 008 | 251222s1900||||xx |||||||||||||| ||spa|| | ||
| 082 | _aDVD0040/A23/2005 | ||
| 245 | 0 | _aLas crónicas de Narnia: el león, la bruja y el ropero:The chronicles of Narnia: the witch and the wardrobe | |
| 942 | _cDVD | ||
| 999 |
_c1630 _d1630 |
||